000 02043cam a2200349 a 4500
003 EG-GiCUC
005 20250223030946.0
008 140326s2013 ua dh f m 000 0 eng d
040 _aEG-GiCUC
_beng
_cEG-GiCUC
041 0 _aeng
049 _aDeposite
097 _aPh.D
099 _aCai01.11.15.Ph.D.2013.Ah.R
100 0 _aAhmad Tarek Mahmoud Mohamed
245 1 4 _aThe role of combined transvaginal sonography and diagnostic hysteroscopy in the assessment of tubal patency in infertile women in correlation to laparoscopic chromopertubation /
_cAhmad Tarek Mahmoud Mohamed ; Supervised Gamal Gamal Eldin Youssef , Moutaz Mahmoud Elsherbini , Rasha Omar Fathi Elkomy
246 1 5 _aدور كل من السونار المهبلى والنظار الرحمى فى تقييم انفتاح قنوات فالوب فى السيدات اللاتى يعانين من عدم القدرة على الإنجاب مقارنة بحقن قنوات فالوب عن طريق منظار البطن
260 _aCairo :
_bAhmad Tarek Mahmoud Mohamed ,
_c2013
300 _a101 P. :
_bcharts , facsimiles ;
_c25cm
502 _aThesis (Ph.D.) - Cairo University - Faculty of Medicine - Department of Gynecology and Obstetrics
520 _aThis study was conducted on 60 subfertile ladies that were managed in Kasr Elaini hospital Cairo University in a period of 20 months (1/ 2012- 8/ 2013) to investigate the diagnostic value of transvaginal sonography performed directly after diagnostic hysteroscopy for assessing tubal patency and to compare the findings with those obtained by means of laparoscopic chromopertubation
530 _aIssued also as CD
653 4 _aHysteroscopy
653 4 _aLaparoscopy
653 4 _aTubal patency
700 0 _aGamal Gamal Eldin Youssef ,
_eSupervisor
700 0 _aMoutaz Mahmoud Elsherbini ,
_eSupervisor
700 0 _aRasha Omar Fathi Elkomy ,
_eSupervisor
856 _uhttp://172.23.153.220/th.pdf
905 _aNazla
_eRevisor
905 _aSoheir
_eCataloger
942 _2ddc
_cTH
999 _c45537
_d45537